| 000 | 00527nam a2200193Ia 4500 | ||
|---|---|---|---|
| 003 | GCL | ||
| 008 | 140319s9999 xx 000 0 ara d | ||
| 040 |
_aGCL / _cGCL |
||
| 082 | 0 | 4 |
_a796.86 _bع د |
| 100 | 1 | _aعمرو السكرى | |
| 245 | 1 | 0 |
_aدليل المبارزة / _cعمرو السكرى |
| 700 | 1 | _aكمال عبدالرحمن درويش | |
| 260 |
_a[S.N] : _bدار المعرفة ، _c1993 |
||
| 300 | _a141 ص | ||
| 490 | _a | ||
| 650 | 0 | 4 | _aالمبارزة |
| 650 | 0 | 4 | _aالسيوف |
| 942 |
_2ddc _cBK |
||
| 999 |
_c51304 _d51304 |
||